00447cam0a220015700 4500001001200000003000500012005001700017035002000034050002000054008004100074100003700115245002600152260005600178650003600234999001900270tmp15294997UPRA20190826203538.0 a(Sirsi) r107274 aHQ 734 TRO 1979950728s1979 gw eng u1 aTrobisch, Ingrid Hult.6A65057.110aOn our way rejoicing. a[Kehl/Rhein, Germany] :bEditions Trobisch,c[1979] 0aFamily life education.6S2867.1 c172779d172779